一句话描述猜日本都道府县 - Statistics

General Stats
  • This quiz has been taken 7 times
  • The average score is 10 of 12
Answer Stats
描述 Answer % Correct
日本海一侧的县,日本首相石破茂和名侦探柯南作者青山刚昌的故乡 鸟取
100%
“东京”迪士尼乐园和“东京”成田机场实际位于这个县 千叶
100%
这个县的熊形吉祥物全日认知度第一 熊本
100%
世界第一颗用于实战的原子弹爆炸地,著名“海上鸟居”严岛神社所在地 广岛
100%
铃木汽车,富士山,伊豆的国、寂静岭silent hill 静冈
86%
《灌篮高手》主要故事发生地,著名古城镰仓所在地,美军横须贺基地 神奈川
86%
日本著名的桃太郎传说的故事舞台,出产阳光玫瑰和白桃的日本水果王国 冈山
86%
丰田汽车总部,战国三英杰织田、丰臣、德川的出生地 爱知
71%
武田信玄根据地,“南阿尔卑斯”和日本第二高峰北岳所在地 山梨
71%
白汤拉面、豚骨汤拉面店发源地,有一座供奉学问之神的著名神社 福冈
71%
b站名梗xx(县名)北的来历为日本著名声优花泽香菜在综艺节目中露出带感笑容时电视画面刚好播报了此县天气预报 兵库
71%
乌冬面发源地之一,《火影忍者》主角漩涡鸣人名字来源于这个县的著名景观 德岛
57%
No matching quizzes found
Score Distribution
Percent of People with Each Score
Percentile by Number Answered
Your Score History
You have not taken this quiz